Statistics for Islands of Curacao

Click here to take the quiz!

General Stats

  • This quiz has been taken 4 times
  • The average score is 3 of 7

Answer Stats

Islands% Correct
Curacao
100%
Klein Curacao
67%
Eiland Penso
33%
Isla Makuaku
33%
Kadoesji
33%
Kadoesjie
33%
Sapate Eiland
33%

Score Distribution

Percentile by Number Answered

Percent of People with Each Score

Your Score History

You have not taken this quiz